000 00709cam a2200217 i 4500
020 _a9780896298477 (alk. paper)
020 _a0896298477 (alk. paper)
040 _cDNAL
082 0 0 _a333 INT 2014 C152 Or.
100 1 _aRosegrant, Mark W.
245 1 0 _aFood security in a world of natural resource scarcity :
_bthe role of agricultural technologies /
300 _axiv, 154 pages :
_billustrations (some color) ;
_c22 cm
500 _a"A peer-reviewed publication."
650 0 _aAlternative agriculture.
650 0 _aFood security.
650 0 _aNatural resources
650 0 _aCrop yields.
650 0 _aAgriculture
710 2 _aInternational Food Policy Research Institute.
942 _cAEDBB
999 _c18740
_d18740